| 000 | 00378nam a2200133Ia 4500 | ||
|---|---|---|---|
| 005 | 20260326100047.0 | ||
| 008 | 260326s9999||||xx |||||||||||||| ||und|| | ||
| 100 | _aZapatero, Juan Manuel | ||
| 245 | 0 |
_aLas fortificaciones de Cartagena de Indias / _cJuan Manuel Zapatero |
|
| 260 | _bBanco Cafetero Colombiano | ||
| 300 | _a282 p. | ||
| 650 | _aARQUITECTURA COLONIAL | ||
| 942 | _cBK | ||
| 999 |
_c7246 _d7246 |
||